000 00477nam a2200169Ia 4500
003 GCL
008 140319s9999 xx 000 0 ara d
040 _aGCL /
_cGCL
082 0 4 _a822.008
_bد ج
245 1 0 _aجذور متاصلة
300 _a166 ص
490 _aالالف كتاب
_v0
650 0 4 _aالمسرحيات الامريكية
650 0 4 _aالادب الامريكى المترجم
650 0 4 _aالادب العالمى المترجم
942 _2ddc
_cBK
999 _c43118
_d43118